| 000 | 00663nam a22002172 4500 | ||
|---|---|---|---|
| 001 | 0000025034 | ||
| 005 | 20151217152308.0 | ||
| 008 | 141025s xx 000 0 eng d | ||
| 020 | _a0060927216 : | ||
| 040 |
_aKABU _cKABU |
||
| 100 | 1 |
_aAllende, Isabel. _@0000094025 |
|
| 245 | 1 | 0 |
_aPaula/Isabel allende; translated from the Spanish by Margaret Sayers / _cby Isabel Allende. |
| 250 | _a1st ed. | ||
| 260 |
_aNew York : _bPerennial, _c1994. |
||
| 300 | _a330 p. | ||
| 650 | 0 |
_aAllende, Isabel _xFamily. _@0000185413 |
|
| 650 | 0 |
_aAllende family. _@0000185414 |
|
| 908 | _a141025 | ||
| 950 | _@1 | ||
| 999 |
_c10445 _d10445 |
||